004410000a22001450004500003001100000008004100011040003900052041000800091082001300099100002200112245006500134260006600199300001000265650002000275LK-CoMWRAF230817t ||||| |||| 00| 0 eng d aLK-CoMWRAFdLK-CoMWRAFeLK-CoMWRAF aeng a410bBAL aBalasooriya, A.S. aSamadanak Kalvi (Learning Activities for Peace Education) b bNational Institute of EducationaSri Lanka (Maharagama)c1995 ap.501 aPeace Education